| 000 | 01964nam a2200325 ia4500 | ||
|---|---|---|---|
| 005 | 20260106161646.0 | ||
| 008 | 260106t20232023uk a ar 000 0 eng d | ||
| 020 |
_a9780008524395 _cRM54.90 _qpaperback |
||
| 040 |
_aPPAK _beng _cPPAK _erda |
||
| 082 | 0 | 4 |
_223 _a152.46 |
| 090 | 0 | 0 |
_a152.46 _bWIL _dK |
| 100 | 1 |
_aWilson, Hannah, _eauthor. |
|
| 245 | 1 | 0 |
_aWORRIES BiG AND SMALL WHEN YOU ARE 6 / _cHannah Wilson ; Illustrator: Samara Hardy |
| 264 | 1 |
_aLondon : _bRed Shed, An imprint of HarperCollins Publishers, _c[2023?] |
|
| 264 | 4 | _c©2023 | |
| 300 |
_a29 pages, 3 unnumbered pages : _bchiefly illustrations (colour) ; _c25 cm |
||
| 336 |
_atext _2rdacontent |
||
| 337 |
_aunmediated _2rdamedia |
||
| 338 |
_avolume _2rdacarrier |
||
| 490 | 1 | _aA child's guide to talking about feelings | |
| 520 | _aThe second book in an engaging, dip-in series all about worries, themed by age as worries change as children get older. A reassuring, practical new series to help children build coping skills and resilience. What if someone is bullying me? What if I'm bad at P.E. and sports? What if I keep imagining scary stuff? Packed with helpful tips to help 6 year olds think about their fears and learn how to soothe them, this book is an ideal starting point for parents to start conversations about worries. 30 questions and answers cover topics from school, trips to the park and visiting friends to sport, performing and going to the shops - delivered with warmth, empathy and gentle humour. With bright, engaging and gently humorous illustrations from rising star Samara Hardy. | ||
| 650 | 1 | 0 |
_aWorry in children _vPictorial works _vJuvenile literature |
| 650 | 2 | 0 | _aWorry in children |
| 650 | 2 | 0 |
_aWorry _xTreatment |
| 650 | 2 | 0 |
_aAnxiety _xTreatment |
| 650 | 2 | 0 | _aStress management |
| 700 | 0 |
_aHardy, Samara, _eillustrator. |
|
| 830 | 0 | _aA child's guide to talking about feelings | |
| 942 |
_2ddc _cB |
||
| 999 |
_c202590 _d202590 |
||